Partnerschaft in der Sozialen Marktwirtschaft Kooperation statt Konfrontation
Salvato in:
| Altri autori: | |
|---|---|
| Natura: | Libro |
| Lingua: | tedesco |
| Pubblicazione: |
Bern
Haupt
1986
|
| Edizione: | 1. Aufl. |
| Tags: |
Nessun Tag, puoi essere il primo ad aggiungerne!!
|
MARC
| LEADER | 00000nam a2200000 4500 | ||
|---|---|---|---|
| 001 | c034016 | ||
| 005 | 20221220072302.1 | ||
| 041 | 0 | |a ger | |
| 044 | |a CH | ||
| 245 | 1 | 0 | |a Partnerschaft in der Sozialen Marktwirtschaft |b Kooperation statt Konfrontation |c Red. Reinhold Biskup |
| 250 | |a 1. Aufl. | ||
| 264 | 1 | |a Bern |b Haupt |c 1986 | |
| 300 | |a 367 s. | ||
| 700 | 1 | |a Biskup, Reinhold | |